Normal view
MARC view
- Hendrickson, James M
Entry Personal Name
001 - CONTROL NUMBER
- control field: 134169
003 - CONTROL NUMBER IDENTIFIER
- control field: NUST
005 - DATE AND TIME OF LATEST TRANSACTION
- control field: 20260416112857.0
008 - FIXED-LENGTH DATA ELEMENTS
- fixed length control field: 260416|| aca||aabn | a|a d
040 ## - CATALOGING SOURCE
- Original cataloging agency: NUST
- Transcribing agency: NUST
100 ## - HEADING--PERSONAL NAME
- Personal name: Hendrickson, James M
670 ## - SOURCE DATA FOUND
- Source citation: Work cat.: (NUST): Hendrickson, James M. , Intercambios: Spanish for Global Communication /, 1997.
